=LDR 00000nam 2200000 4500 =001 INLIS000000000027116 =005 20200428095939 =035 ##$$a 0010-061300000027116 =008 200428################g##########0#ind## =041 ##$$a Ind =082 ##$$a 2x3.137 =090 ##$$a 2x3.137, Ash j =100 ##$$a Ash-Shughayyir, Falih Bin Muhammad Bin Falih =245 1#$$a Jadilah mukmin yang kuat labih baik dan lebih dicintai Allah /$c Falih Bin Muhammad Bin Falih Ash-Shughayyir ; penerjemah, Beni Sarbeni =260 ##$$a Bogor :$b Pustaka Ibnu katsir,$c 2005 =300 ##$$a xvi, 183 hlm. ; $c 13 x 19 cm. =650 #4$$a Mukmin-Islam =850 ##$$a NBPNMAT =084 ##$$a 2x3.137 ASH j =250 ##$$a Cet. 1 =990 ##$$a 20704719/Pb-07 =990 ##$$a 20704721/Pb-07 =990 ##$$a 20704718/Pb-07